<?xml version="1.0" encoding="UTF-8"?>
<record
    xmlns:xsi="http://www.w3.org/2001/XMLSchema-instance"
    xsi:schemaLocation="http://www.loc.gov/MARC21/slim http://www.loc.gov/standards/marcxml/schema/MARC21slim.xsd"
    xmlns="http://www.loc.gov/MARC21/slim">

  <leader>02846nam a2200301 u 4500</leader>
  <controlfield tag="001">1522101</controlfield>
  <controlfield tag="005">20260508093514.0</controlfield>
  <controlfield tag="007">co|||||||</controlfield>
  <controlfield tag="008">190326s2017                        spa  </controlfield>
  <datafield tag="035" ind1=" " ind2=" ">
    <subfield code="a">1522101</subfield>
  </datafield>
  <datafield tag="040" ind1=" " ind2=" ">
    <subfield code="c">comduadb</subfield>
  </datafield>
  <datafield tag="041" ind1=" " ind2=" ">
    <subfield code="a">spa</subfield>
  </datafield>
  <datafield tag="080" ind1=" " ind2=" ">
    <subfield code="a">WG</subfield>
  </datafield>
  <datafield tag="100" ind1="1" ind2="0">
    <subfield code="a">Toro Osorio, Keiner</subfield>
    <subfield code="4">aut</subfield>
    <subfield code="e">aut</subfield>
    <subfield code="9">783153</subfield>
  </datafield>
  <datafield tag="245" ind1="1" ind2="0">
    <subfield code="a">Aterosclerosis acelerada en pacientes con SAF en una cl&#xED;nica de anticoagulaci&#xF3;n de la ciudad de Medell&#xED;n, Colombia. Estudio ASAFMED</subfield>
  </datafield>
  <datafield tag="260" ind1=" " ind2=" ">
    <subfield code="a">Medell&#xED;n :</subfield>
    <subfield code="b">Autor(a),</subfield>
    <subfield code="c">2017.</subfield>
  </datafield>
  <datafield tag="300" ind1=" " ind2=" ">
    <subfield code="a">CD-ROM</subfield>
  </datafield>
  <datafield tag="520" ind1="3" ind2=" ">
    <subfield code="a">En los &#xFA;ltimos a&#xF1;os varios estudios han sugerido una alta prevalencia de aterosclerosis acelerada en pacientes con enfermedades autoinmunes como el lupus eritematoso sist&#xE9;mico (LES)  y el s&#xED;ndrome antifosfol&#xED;pido (SAF), explicada por el estado de inflamaci&#xF3;n sostenida y favorecida por el tratamiento inmunosupresor, especialmente los glucocorticoides, sin embargo la prevalencia real de aterosclerosis pre cl&#xED;nica es desconocida en nuestro pa&#xED;s para estos grupos poblacionales. Actualmente la investigaci&#xF3;n en aterosclerosis se ha dirigido a la identificaci&#xF3;n de marcadores de aterosclerosis temprana como el grosor  &#xED;ntima media (GIM) y m&#xE1;s recientemente la medici&#xF3;n de la rigidez vascular por medio de la velocidad de onda de pulso (VOP). El diagn&#xF3;stico de la aterosclerosis en un estadio asintom&#xE1;tico permite el tratamiento oportuno y efectivo de las potenciales complicaciones de morbimortalidad cardiovascular, lo cual es indispensable en poblaciones en quienes se presume un alto riesgo, pero que no son categorizados como tal por las escalas de clasificaci&#xF3;n de riesgo actualmente disponibles. Objetivos: evaluar la prevalencia de aterosclerosis acelerada determinada por velocidad de onda de pulso y grosor &#xED;ntima media en pacientes con SAF compar&#xE1;ndolos con pacientes con LES sin SAF.  Metodolog&#xED;a: se desarroll&#xF3; un estudio descriptivo transversal, la poblaci&#xF3;n incluy&#xF3; 100 pacientes, de los cuales 50 ten&#xED;an SAF, 26 SAF primario y 24 SAF asociado a LES.  El otro grupo de 50 pacientes con LES sin SAF estuvo conformado por  16 pacientes con LES activo y 34 con LES inactivo. Los pacientes seleccionados ten&#xED;an diagn&#xF3;stico previo de LES y SAF y asist&#xED;an a control en el Hospital Universitario San Vicente Fundaci&#xF3;n de la ciudad de Medell&#xED;n Colombia, en los servicios de consulta externa de reumatolog&#xED;a y el programa de cl&#xED;nica de anticoagulaci&#xF3;n de medicina vascular.</subfield>
  </datafield>
  <datafield tag="650" ind1=" " ind2=" ">
    <subfield code="a">Aterosclerosis</subfield>
    <subfield code="9">22013</subfield>
  </datafield>
  <datafield tag="650" ind1=" " ind2=" ">
    <subfield code="a">S&#xED;ndrome antifosfol&#xED;pido</subfield>
    <subfield code="9">30243</subfield>
  </datafield>
  <datafield tag="650" ind1=" " ind2=" ">
    <subfield code="a">Lupus eritematoso sist&#xE9;mico</subfield>
    <subfield code="9">50593</subfield>
  </datafield>
  <datafield tag="650" ind1=" " ind2=" ">
    <subfield code="a">Grosor intima-media carot&#xED;deo</subfield>
    <subfield code="9">219934</subfield>
  </datafield>
  <datafield tag="700" ind1="1" ind2="0">
    <subfield code="a">Franco Garc&#xED;a, Samir</subfield>
    <subfield code="4">aut</subfield>
    <subfield code="e">aut</subfield>
    <subfield code="9">776348</subfield>
  </datafield>
  <datafield tag="700" ind1="1" ind2="0">
    <subfield code="a">G&#xF3;mez Isaza, Luis Felipe</subfield>
    <subfield code="4">ths</subfield>
    <subfield code="e">ths</subfield>
    <subfield code="9">272009</subfield>
  </datafield>
  <datafield tag="942" ind1=" " ind2=" ">
    <subfield code="c">TESIS</subfield>
  </datafield>
  <datafield tag="999" ind1=" " ind2=" ">
    <subfield code="c">799925</subfield>
    <subfield code="d">799925</subfield>
  </datafield>
  <datafield tag="502" ind1=" " ind2=" ">
    <subfield code="b">253</subfield>
    <subfield code="c">18</subfield>
  </datafield>
  <datafield tag="526" ind1=" " ind2=" ">
    <subfield code="a">255</subfield>
  </datafield>
  <datafield tag="952" ind1=" " ind2=" ">
    <subfield code="0">0</subfield>
    <subfield code="1">0</subfield>
    <subfield code="4">0</subfield>
    <subfield code="7">0</subfield>
    <subfield code="8">AUDIOVISUA</subfield>
    <subfield code="a">BM</subfield>
    <subfield code="b">BM</subfield>
    <subfield code="d">2019-03-26</subfield>
    <subfield code="e">Material adquirido por donaci&#xF3;n</subfield>
    <subfield code="i">C1310625</subfield>
    <subfield code="l">0</subfield>
    <subfield code="o">WG550 T6-17 CD-ROM</subfield>
    <subfield code="p">93380</subfield>
    <subfield code="r">2023-05-04 00:00:00</subfield>
    <subfield code="t">1</subfield>
    <subfield code="w">2023-05-04</subfield>
    <subfield code="y">DIGITAL</subfield>
  </datafield>
</record>
